Dragon Ball Top 10 Fighters in the Tournament of Power - Statistics

General Stats
  • This quiz has been taken 258 times
  • The average score is 7 of 10
Answer Stats
Hint Universe Answer % Correct
2 7 Goku
99%
3 7 Vegeta
97%
1 11 Jiren
95%
9 7 Frieza
76%
10 7 Android 17
70%
8 6 Hit
65%
5 6 Kefla
65%
7 6 Kale
64%
4 11 Topo
50%
6 3 Agnilasa
7%
No matching quizzes found
Score Distribution
Percent of People with Each Score
Percentile by Number Answered
Your Score History
You have not taken this quiz